000 00834nam a22002057a 4500
999 _c162770
_d162770
005 20190320155000.0
010 _aB-713351
020 _a9789352607785
_c495.00
035 _aB-713351
037 _bMc Graw Hill Education
082 _a910
100 _aHusain, Majid
245 _aIndian and world geography:
_bfor civil services preliminary and main examinations /
_cby Majid Husain
250 _a4th ed.
260 _aChennai
_bMcGraw Hill Education
_c2018
270 _a444/1, Sri Ekambara Naicker Industrial Estate, Alapakkam, Porur
_bChennai
_e600116
300 _avp.:
_bill.
_c24cm(pbk)
942 _2ddc
_cEN
_h910
_mHUS